00689nam a2200181 a 450000100100000000500170001000800410002704000250006810000280009324000370012124500950015826000330025330000180028650000300030470000450033495201110037999900170049000004013020201002033933.0130808s1966 mx 000 0 spa d aDO-SdBNPbspacBNPHU1 aPokbovski, V. S,96639510aIstoria politicheskijlEspañol10aHistoria de las ideas políticas /cV. S. pokbovski ; traductor Carlos Marín Sánchez. aMéxico :bGrijalbo,c1966. a621 ;c22 cm. aTraducido del idioma ruso1 aMarín Sánchez, Carlos,etrad.966396 001054708MOaGRbGRcCTd2013-08-08iLF1l0o p40130-10r2020-06-25w2020-06-25y4ZPréstamo en sala c39620d39620